| 000 | 00660cam a2200241 4500 | ||
|---|---|---|---|
| 001 | B2803 | ||
| 008 | 090401t1990 xxu||||| |||| 00| 0 eng d | ||
| 035 | _a(Sirsi) u52281 | ||
| 041 | _aeng | ||
| 050 | _a333.0062 | ||
| 090 | _aRICS 1990/3AB | ||
| 110 |
_aRoyal Institution of Chartered Surveyors _94900 |
||
| 245 | _aMortgage valuation or survey? | ||
| 260 |
_aLondon _bRoyal Institution of Chartered Surveyors _c1990 |
||
| 300 | _a1 folded sheet (45x21cm) | ||
| 350 | _a0 | ||
| 650 | _aABOUT RICS-RICS MEMBERS | ||
| 650 | _aMORTGAGE VALUATION | ||
| 650 | _aPUBLICITY LEAFLET | ||
| 650 | _aSTRUCTURAL SURVEYS | ||
| 942 | _n0 | ||
| 948 | _c04/03/1997 | ||
| 999 |
_c93021 _d93021 |
||